000 00786nam a2200253Ia 4500
003 OSt
005 20220927110418.0
006 a|||||r|||| 00| 0
007 ta
008 220926b |||||||| |||| 00| 0 eng d
024 _a72926
037 _cReports
040 _aRTL
_cRTL
_beng
041 _2eng
_aeng
082 _a"X72.3.N24t, F7/GD"
110 _aGreat Britain. National Debt and taxation (Committee on-) (1924) (Chairman: Lord Clowyn)
_9378052
245 0 _aReport
260 _aLondon
_bH M S O UK
_c1927
300 _a448p.
_ccm.
650 _aTax
700 _aGreat Britain. National Debt and taxation (Committee on-) (1924) (Chairman: Lord Clowyn)
_9378053
942 _h"X72.3.N24t, F7/GD"
_cCC
999 _c696585
_d696585